[Event "GER-chT U10"]
[Site "Magdeburg"]
[Date "2016.12.27"]
[Round "1.2"]
[White "Gertz, Amon"]
[Black "Mainka, Ingmar"]
[Result "1/2-1/2"]
[WhiteElo "762"]
[BlackElo "1122"]
[PlyCount "50"]
[EventDate "2016.12.27"]
[EventType "team-swiss"]
[EventRounds "7"]
[EventCountry "GER"]
[SourceTitle "EXT 2018"]
[Source "ChessBase"]
[SourceDate "2017.10.13"]
[SourceVersion "1"]
[SourceVersionDate "2017.10.13"]
[SourceQuality "1"]
[WhiteTeam "Graefenhainichen"]
[BlackTeam "Eilendorf Arminia"]
[WhiteTeamCountry "GER"]
[BlackTeamCountry "GER"]

1. e4 e5 2. Nf3 Nc6 3. Nc3 Bc5 4. Be2 Nf6 5. d3 h6 6. Bd2 d6 7. 0-0 0-0 8. h3 Be6 9. Re1 Re8 10. Nb5 a6 11. b4 Bd4 12. Nbxd4 exd4 13. c3 dxc3 14. Bxc3 a5 15. b5 Ne7 16. Qa4 c6 17. b6 Qxb6 18. Bd4 c5 19. Rab1 Qc7 20. Bxf6 gxf6 21. e5 fxe5 22. Qh4 Nf5 23. Qg4+ Ng7 24. Qe4 d5 25. Qh4 Nf5 1/2-1/2